[Event "BdF-Smaragd 06 email"]
[White "Marwitz, Ullrich"]
[Black "Piazza, Laura"]
[Site "GER email"]
[Round "?"]
[Result "1-0"]
[Date "2015.06.25"]
[WhiteElo "2224"]
[BlackElo "2213"]
[PlyCount "105"]
[EventDate "2015.??.??"]
[EventType "tourn (corr)"]
[EventRounds "12"]
[EventCountry "GER"]
[SourceTitle "Corr 2017"]
[Source "ChessBase"]
[SourceDate "2017.09.19"]
[SourceVersion "1"]
[SourceVersionDate "2017.09.19"]
[SourceQuality "1"]

1. e4 e5 2. Nf3 Nc6 3. Bb5 a6 4. Bxc6 dxc6 5. 0-0 f6 6. d4 Bg4 7. c3 Qe7 8. h3 Bh5 9. Re1 0-0-0 10. Nbd2 Nh6 11. b4 exd4 12. cxd4 Rxd4 13. g4 Bxg4 14. hxg4 Rd8 15. Nh2 Qd7 16. Rb1 Bd6 17. Qe2 Bxh2+ 18. Kxh2 Nxg4+ 19. Kg2 h5 20. Nc4 Qe6 21. Rb2 g5 22. Rd2 Rde8 23. Bb2 Rhf8 24. Kg1 Kb8 25. Bd4 Nh6 26. Na5 Nf7 27. Nb3 b6 28. Rd3 Kb7 29. Rc1 Nd6 30. Re3 Qg4+ 31. Qxg4 hxg4 32. Rce1 Nc4 33. R3e2 Re6 34. Bc3 Re7 35. Kg2 Nd6 36. Nd2 Rd7 37. Nf1 Rdd8 38. Ng3 Nb5 39. Rc1 Ra8 40. Re3 Rae8 41. Ba1 Rd8 42. Nf5 Rd2 43. a4 Nd6 44. a5 Nxf5 45. exf5 bxa5 46. bxa5 Rd5 47. Rb3+ Kc8 48. Rbc3 Rxa5 49. Rxc6 Rf7 50. R6c5 Ra3 51. Re1 Kd7 52. Bc3 Rb3 53. Re6 1-0

[Event "BdF-Smaragd 06 email"]
[White "Pokrivac, Izidor"]
[Black "Piazza, Laura"]
[Site "GER email"]
[Round "?"]
[Result "1-0"]
[Date "2015.06.25"]
[WhiteElo "2152"]
[BlackElo "2213"]
[PlyCount "81"]
[EventDate "2015.??.??"]
[EventType "tourn (corr)"]
[EventRounds "12"]
[EventCountry "GER"]
[SourceTitle "Corr 2017"]
[Source "ChessBase"]
[SourceDate "2017.09.19"]
[SourceVersion "1"]
[SourceVersionDate "2017.09.19"]
[SourceQuality "1"]

1. e4 e5 2. Nf3 Nc6 3. Bb5 a6 4. Ba4 Nf6 5. 0-0 b5 6. Bb3 Bb7 7. d3 Bc5 8. Nc3 d6 9. a4 Na5 10. Ba2 b4 11. Ne2 Rb8 12. Ng3 0-0 13. Bg5 h6 14. Bh4 g6 15. Qd2 Kg7 16. Rad1 Qe7 17. d4 exd4 18. Rfe1 Nc6 19. Bd5 Rfe8 20. Bxc6 Bxc6 21. e5 dxe5 22. Rxe5 Qf8 23. Nxd4 Ne4 24. Qf4 Bxd4 25. Rxd4 Nxg3 26. hxg3 Kg8 27. Bf6 Rxe5 28. Qxe5 Bxa4 29. Qxc7 Rc8 30. Qf4 g5 31. Qg4 Bxc2 32. f4 Bg6 33. fxg5 h5 34. Qe2 a5 35. Qd1 Qc5 36. Kh2 Rf8 37. Rh4 Qf5 38. Qd4 Re8 39. Bh8 Kf8 40. Rf4 Qe6 41. Rf1 1-0